000 00363nam a2200157Ia 4500
005 20250430020513.0
008 240331s9999 xx 000 0 und d
020 _a9789555736213
082 _bRAY
_a891
100 _aRay,S
245 0 _aPhatik chand
260 _aNugegoda
_bSarasavi Publishers
_c2007
300 _a96 p .,
650 _aShort Story
942 _cL
999 _c5328
_d5328